000 00378nam a22001697a 4500
005 20160628154553.0
008 160628b xxu||||| |||| 00| 0 eng d
020 _a81-229-0166-2
041 _aeng
082 _b10947
100 _aSilvia, Tony
_92731
245 _aGlobal News
260 _bsurjeet Publications
300 _a191
650 _aManagement
_9241
942 _cBK
999 _c4537
_d4536